Catálogo
 En Linea

Dark as the grave wherein my friend is laid. / (Registro nro. 19354)

Detalles MARC
000 -CABECERA
campo de control de longitud fija 00553nam a2200157 4500
001 - NÚMERO DE CONTROL
campo de control 000019841
005 - FECHA Y HORA DE LA ÚLTIMA TRANSACCIÓN
campo de control 20200929170147.0
008 - DATOS DE LONGITUD FIJA--INFORMACIÓN GENERAL
campo de control de longitud fija 690923s1968 onc 000 1 eng
040 ## - FUENTE DE LA CATALOGACIÓN
Centro catalogador/agencia de origen DO-SdBNP
Centro/agencia transcriptor spa
Centro/agencia modificador BNPHU
100 1# - ENTRADA PRINCIPAL--NOMBRE DE PERSONA
Nombre de persona Lowry, Malcolm,
Fechas asociadas al nombre 1909-1957.
9 (RLIN) 12856
245 10 - MENCIÓN DE TÍTULO
Título Dark as the grave wherein my friend is laid. /
Mención de responsabilidad, etc. Malcolm Lowry ; Edited by Douglas Day & Margerie Lowry.
260 ## - PUBLICACIÓN, DISTRIBUCIÓN, ETC.
Lugar de publicación, distribución, etc. Toronto :
Nombre del editor, distribuidor, etc. General Pub. Co.,
Fecha de publicación, distribución, etc. 1968.
300 ## - DESCRIPCIÓN FÍSICA
Extensión xxiii, 255 p. ;
Dimensiones 23 cm.
700 1# - PUNTO DE ACCESO ADICIONAL--NOMBRE DE PERSONA
Nombre de persona Day, Douglas,
Término indicativo de función/relación ed.
9 (RLIN) 12859
700 1# - PUNTO DE ACCESO ADICIONAL--NOMBRE DE PERSONA
Nombre de persona Lowry, Margerie Bonner,
Término indicativo de función/relación ed.
9 (RLIN) 12858
Existencias
Estado de retiro Estado de pérdida Restricciones de uso No para préstamo Código de colección Localización permanente Ubicación/localización actual Ubicación en estantería Fecha de adquisición Número de inventario Total de préstamos Signatura topográfica completa Código de barras Fecha visto por última vez Precio válido a partir de Tipo de ítem Koha
      Excluido de préstamo Monografías: Libros y Folletos General General En catalogación 07.07.2010 LF1   19841-10 25.06.2020 25.06.2020 No se presta

Con tecnología Koha